000
00305nam a2200121Ia 4500
005
20251222175934.0
008
251222s9999||||xx |||||||||||||| ||spa||
020
_a
8423406393
082
_a
658/W48
100
_a
Westwick, C. A.
245
0
_a
Manual para la Aplicación de Ratios de Gestión
942
_c
LIB
999
_c
41126
_d
41126